| 000 | 00935cab a2200313 4500 | ||
|---|---|---|---|
| 001 | WB3112-22 | ||
| 008 | 090401t1995 xxu||||| |||| 00| 0 eng d | ||
| 035 | _a(Sirsi) u35742 | ||
| 041 | _aeng | ||
| 245 | _aPrivate finance initiative | ||
| 260 | _c1995 | ||
| 350 | _a0 | ||
| 490 |
_aFinancial Times _v24 March 1995, 8 |
||
| 490 |
_aDoE News Release _v(144) 23 March 1995 (10) |
||
| 520 | _aDiscusses measures introduced under PFI to give local authorities more freedom to sell off assets, including airports, car parks and inner- city land. | ||
| 650 | _aAIRPORTS | ||
| 650 | _aASSETS | ||
| 650 | _aCAPITAL RECEIPTS | ||
| 650 | _aCAR PARKS | ||
| 650 | _aINNER CITY LAND | ||
| 650 | _aLAND SALES | ||
| 650 | _aLOCAL AUTHORITIES | ||
| 650 | _aPFI | ||
| 650 | _aPRIVATE FINANCE INITIATIVE | ||
| 650 | _aPROPERTY SALES | ||
| 690 | _aPROPERTY-PROPERTY FINANCE AND INVESTMENT | ||
| 942 | _n0 | ||
| 948 | _c04/03/1997 | ||
| 999 |
_c23374 _d23374 |
||